Chiếc ngai Giáo Hoàng

Guardat en:
Dades bibliogràfiques
Autor principal: Herezeg,Fereng
Altres autors: Nguyễn Thu Hương (Dịch)
Format: Llibre
Publicat: An Giang Tổng hợp An Giang 1990
Matèries:
Etiquetes: Afegir etiqueta
Sense etiquetes, Sigues el primer a etiquetar aquest registre!
Thư viện lưu trữ: Trung tâm Học liệu Lê Vũ Hùng, Trường Đại học Đồng Tháp
LEADER 00786pam a22002298a 4500
001 00021121
005 20171026081025.0
008 110522s1990 ||||||Viesd
041 0 # |a Vie 
082 1 # |a 853  |b CH303N 
100 0 # |a Herezeg,Fereng 
245 0 0 |a Chiếc ngai Giáo Hoàng  |c Fereng Herezeng; Nguyễn Thu Hương 
260 # # |a An Giang  |b Tổng hợp An Giang  |c 1990 
300 # # |a 161 tr.  |c 19 cm. 
650 # 7 |2 Tiểu thuyết  |a Italia 
653 # # |a Văn học hiện đại 
700 0 # |a Nguyễn Thu Hương  |e Dịch 
852 # # |b Kho mượn  |j KM.0011230 
852 # # |b Kho đọc  |j KD.0006427 
852 # # |j KD.0006427  |j KM.0011230 
910 # # |a Hoa Lê  |d 22/05/2011 
980 # # |a Trung tâm Học liệu Lê Vũ Hùng, Trường Đại học Đồng Tháp